<?xml version="1.0" encoding="UTF-8"?>
<record
    xmlns:xsi="http://www.w3.org/2001/XMLSchema-instance"
    xsi:schemaLocation="http://www.loc.gov/MARC21/slim http://www.loc.gov/standards/marcxml/schema/MARC21slim.xsd"
    xmlns="http://www.loc.gov/MARC21/slim">

  <leader>02407nam a22002177a 4500</leader>
  <controlfield tag="008">251002b        |||||||| |||| 00| 0 eng d</controlfield>
  <datafield tag="020" ind1=" " ind2=" ">
    <subfield code="a">9781398620469</subfield>
  </datafield>
  <datafield tag="040" ind1=" " ind2=" ">
    <subfield code="c">tbs</subfield>
  </datafield>
  <datafield tag="041" ind1=" " ind2=" ">
    <subfield code="a">eng</subfield>
  </datafield>
  <datafield tag="050" ind1=" " ind2=" ">
    <subfield code="a">HF5429</subfield>
  </datafield>
  <datafield tag="100" ind1=" " ind2=" ">
    <subfield code="a">Hardcastle, Kate</subfield>
    <subfield code="9">25979</subfield>
    <subfield code="e">author</subfield>
  </datafield>
  <datafield tag="245" ind1=" " ind2=" ">
    <subfield code="a">The science of shopping</subfield>
    <subfield code="b">: how psychology and innovation create a winning retail strategy</subfield>
    <subfield code="c">/ Kate Hardcastle.</subfield>
  </datafield>
  <datafield tag="300" ind1=" " ind2=" ">
    <subfield code="a">x, 264 pages</subfield>
    <subfield code="b">illustrations, charts (black and white) ;</subfield>
    <subfield code="c">24 cm.</subfield>
  </datafield>
  <datafield tag="505" ind1=" " ind2=" ">
    <subfield code="a">Machine generated contents note: Chapter - 01: The evolution of retail: From high-street store to online marketplace Chapter - 02: The psychology of shopping Chapter - 03:
Mastering the digital landscape of e-commerce Chapter - 04: Redefining retail in the age of technology Chapter - 05: Retail spaces, evolving places Chapter - 06: Roll up, roll up! This
is retail theatre Chapter - 07: The art of shopping perception Chapter - 08: Goldilocks and the pricing strategy: Finding a price point that's just right Chapter - 09: Mastering
promotional strategies to boost sales Chapter - 10: It's time for you to check out... Chapter - 11: Conclusion</subfield>
  </datafield>
  <datafield tag="520" ind1=" " ind2=" ">
    <subfield code="a">"In the ever-evolving landscape of retail, understanding the science behind modern shopping habits - both online and offline - has become crucial for success. In this book, global consumer expert and multi-award-winning business consultant Kate Hardcastle delivers a blueprint for the future of retail, exploring the psychological, technological and strategic elements that shape today's retail environment and providing unparalleled insights from some of the world's leading brands such as Erewhon, Selfridges, Aldi and Primark. Exploring every aspect of the consumer decision-making journey, The Science of Shopping includes content on how emotions, perceptions and social factors can drive consumer behaviour as well how to use AI to personalize the shopping experience and the different tricks and tips retailers can use to engage and entice customers. Learn how to find the perfect price point, how to create cohesive shopping environments across all platforms and how you can create immersive experiences that resonate with customers with this practical and insightful guide.</subfield>
  </datafield>
  <datafield tag="650" ind1=" " ind2="0">
    <subfield code="a">Retail trade</subfield>
    <subfield code="9">6285</subfield>
  </datafield>
  <datafield tag="650" ind1=" " ind2="0">
    <subfield code="a">Consumer behavior</subfield>
    <subfield code="9">997</subfield>
  </datafield>
  <datafield tag="650" ind1=" " ind2="0">
    <subfield code="a">Customer relations</subfield>
    <subfield code="x">Technological innovations</subfield>
    <subfield code="9">1866</subfield>
  </datafield>
  <datafield tag="650" ind1=" " ind2="0">
    <subfield code="a">Shopping</subfield>
    <subfield code="9">28</subfield>
  </datafield>
  <datafield tag="942" ind1=" " ind2=" ">
    <subfield code="2">lcc</subfield>
  </datafield>
  <datafield tag="952" ind1=" " ind2=" ">
    <subfield code="0">0</subfield>
    <subfield code="1">0</subfield>
    <subfield code="2">lcc</subfield>
    <subfield code="4">0</subfield>
    <subfield code="7">0</subfield>
    <subfield code="a">TBS</subfield>
    <subfield code="b">TBS</subfield>
    <subfield code="d">2025-10-02</subfield>
    <subfield code="l">1</subfield>
    <subfield code="o">HF5429 HAR</subfield>
    <subfield code="p">B07641</subfield>
    <subfield code="r">2026-02-25</subfield>
    <subfield code="s">2026-02-19</subfield>
    <subfield code="t">1</subfield>
    <subfield code="w">2025-10-02</subfield>
    <subfield code="y">1</subfield>
  </datafield>
  <datafield tag="999" ind1=" " ind2=" ">
    <subfield code="c">4996</subfield>
    <subfield code="d">4996</subfield>
  </datafield>
</record>
